Documents of diplomacy : (Record no. 41398)
[ view plain ]
| 000 -LEADER | |
|---|---|
| fixed length control field | 00514 a2200169 4500 |
| 008 - FIXED-LENGTH DATA ELEMENTS--GENERAL INFORMATION | |
| fixed length control field | 121030b xxu||||| |||| 00| 0 eng d |
| 020 ## - INTERNATIONAL STANDARD BOOK NUMBER | |
| International Standard Book Number | 9966040021 |
| 050 ## - LIBRARY OF CONGRESS CALL NUMBER | |
| Classification number | JX 1662.M93 2009 |
| 100 ## - MAIN ENTRY--PERSONAL NAME | |
| Personal name | Mwagiru , Makumi |
| 245 ## - TITLE STATEMENT | |
| Title | Documents of diplomacy : |
| Statement of responsibility, etc | Makumi Mwagiru |
| 250 ## - EDITION STATEMENT | |
| Edition statement | 1st ed. |
| 260 ## - PUBLICATION, DISTRIBUTION, ETC. (IMPRINT) | |
| Date of publication, distribution, etc | 2009 |
| Name of publisher, distributor, etc | Institute of Diplomacy and International Studies |
| Place of publication, distribution, etc | Nairobi,Kenya |
| 300 ## - PHYSICAL DESCRIPTION | |
| Extent | vii,108p. |
| 440 ## - SERIES STATEMENT/ADDED ENTRY--TITLE | |
| Title | IDIS Publications on International Studies .5. |
| 500 ## - GENERAL NOTE | |
| General note | includes index |
| 942 ## - ADDED ENTRY ELEMENTS (KOHA) | |
| Item type | Book |
| Source of classification or shelving scheme | Library of Congress Classification |
| Withdrawn status | Lost status | Source of classification or shelving scheme | Damaged status | Not for loan | Collection code | Home library | Current library | Shelving location | Date acquired | Source of acquisition | Total Checkouts | Full call number | Barcode | Price effective from | Koha item type |
|---|---|---|---|---|---|---|---|---|---|---|---|---|---|---|---|
| Library of Congress Classification | Non-fiction | Bishop Okullu Memorial Library (Limuru Campus) | Bishop Okullu Memorial Library (Limuru Campus) | General Circulation | 30/10/2012 | purchase | JX 1662.M93 2009 | 033714 | 30/10/2012 | Book | |||||
| Library of Congress Classification | Non-fiction | Bishop Okullu Memorial Library (Limuru Campus) | Bishop Okullu Memorial Library (Limuru Campus) | General Circulation | 30/10/2012 | purchase | JX 1662.M93 2009 | 033715 | 30/10/2012 | Book |